000 01302cad a22002055a 4500
001 E150245
008 100616e20100211xxk v 000 0 eng d
035 _a(Sirsi) u150245
041 0 _aeng
245 0 0 _aTrustees for Coylumbridge Highland Lodges Club v Assessor for Highland and Western Isles Valuation Joint Board
_bopinion
_h[electronic resource]
260 _c2010
520 _aLTS/VA/2009/01-61 11 February 2010. Concerned the valuation of 61 timeshare units at Coylumbridge. The case is an appeal against the Assessor's valuation, with the appellants suggesting that the properties should be valued under the scheme applicable to self-catering accommodation, and the Assessor suggesting that they should be valued under a scheme based on dwellinghouse rental evidence. "Held: appeals dismissed.
650 2 4 _aTRUSTEES FOR COYLUMBRIDGE HIGHLAND LODGES CLUB V ASSESSOR FOR HIGHLAND AND WESTERN ISLES VALUATION JOINT BOARD
650 2 4 _aLOCAL GOVERNMENT FINANCE ACT 1992
650 2 4 _aCOUNCIL TAX (DWELLINGS) (SCOTLAND) REGULATIONS 1993
651 4 _aScotland
_y1999-
690 _aPlanning and development
_96259
856 4 0 _uhttps://www.lands-tribunal-scotland.org.uk/decisions/LTS.VA.2009.01to61.html
_zView the decision free of charge at www.lands-tribunal-scotland.org.uk
942 _n0
999 _c82430
_d82430